| Record ID | ia:soldierasknot00dick |
| Source | Internet Archive |
| Download MARC XML | https://archive.org/download/soldierasknot00dick/soldierasknot00dick_marc.xml |
| Download MARC binary | https://www.archive.org/download/soldierasknot00dick/soldierasknot00dick_meta.mrc |
LEADER: 01128cam 2200313Ia 4500
001 ocmocm27868874
003 OCoLC
005 20020523110949.0
008 930407r19931967nyu 000 1 eng d
020 $a0812504003 (pbk.) :$c$5.99
040 $aOCO$cOCO$dOCoLC
049 $aSFRA
092 $aSF$bDickson
100 1 $aDickson, Gordon R.
245 10 $aSoldier, ask not /$cGordon R. Dickson.
260 $aNew York :$bT. Doherty Associates,$c1993, c1967.
300 $a313 p. ;$c18 cm.
490 0 $aTOR science fiction.
500 $a"A Tom Doherty Associates book."
650 0 $aScience fiction.
907 $a.b17738787$b10-25-07$c07-22-03
998 $axgc$b07-01-03$cm$da$e-$feng$gnyu$h0$i2
907 $a.b17738787$b10-03-03$c07-22-03
935 $aAGK-8996
945 $aSFR
994 $aX0$bSFR
998 $axgc$b07-01-03$cm$da$e-$feng$gnyu$h0$i1
945 $aSF Dickson$g1$i31223061215191$lxgcci$nMissing as of 2006-06-30$o-$p$5.99$q-$r-$sm$t1$u1$v0$w0$x0$y.i32617574$z08-07-03
945 $aSF$bDickson$g1$i31223064687057$lxgcci$nMissing as of 2006-06-30$o-$p$0.00$q-$r-$sm$t1$u3$v4$w0$x0$y.i35884587$z09-20-03